00699nam a2200205 a 450000100100000000500170001000800410002702000180006804000250008608200170011110000250012824000240015324501190017726000450029630000350034150000480037665000210042470000170044570000310046200004065520240417183156.0130904s2007 sp a 001 0 spa d a9788429126310 aDO-SdBNPbspacBNPHU a338.5bK94mi1 aKrugman, Pauld1953-10aMicroeconomicslspa10aMicroeconomía. :bIntroducción a la Economía /cPaul Krugman; Robin Wells; traducción, Sonia Benito Muela. aBarcelona, España :bReverté,c2007. axxiii, 537 p. :bil. ;c28 cm. aLa biblioteca posee la reimpresion del 2010 0aMicroeconomía 12aWells, Robin12aBenito Muela, Soniaetrad.